Statystyki dla Czy znasz Polskie owoce .

Kliknij tutaj aby rozwiązać quiz!

Ogólne statystyki

  • Ten quiz został rozwiązany 621 razy
  • Średni wynik to 10 z 30

Statystyki odpowiedzi

-Owoce% Poprawnych
1.jabłka
79%
9.maliny
73%
8.truskawki
70%
14.wiśnie
70%
2.gruszki
68%
3.śliwki
66%
5.agrest
62%
11.winogron
57%
16.jagody
56%
10.jeżyny
44%
12.poziomki
44%
7.arbuz
43%
26.borówka
37%
17.morela
30%
23.cytryna
28%
29.aronia
23%
24.melon
21%
18.nektarynka
19%
21.pigwa
19%
6.porzeczka czarna
17%
27.porzeczka czerwona
17%
22.żurawina
17%
15.figi
14%
28.porzeczka biała
8%
30.dzika róża
7%
19.orzech laskowy
7%
20.orzech włoski
7%
4.brzozkwinie
6%
25.morwa
6%
13.czareśnie
5%

Rozkład punktacji

Percentyl według liczby udzielonych odpowiedzi

Procent ludzi z każdym wynikiem

Twoja historia wyników

Nie rozwiązałeś tego quizu